Внеурочная деятельность по предмету "Физическая культура" в условиях реализации ФГОС (Запись № 10834059)
[ простой вид ]
| 000 -МАРКЕР | |
|---|---|
| контрольное поле | 02463nam0a2200337 4500 |
| 001 - ИДЕНТИФИКАТОР ЗАПИСИ | |
| контрольное поле | RU\NLR\BIBL_A\011590214 |
| 005 - ИДЕНТИФИКАТОР ВЕРСИИ | |
| контрольное поле | 20241103122546.0 |
| 010 ## - МЕЖДУНАРОДНЫЙ СТАНДАРТНЫЙ НОМЕР КНИГИ (ISBN) | |
| Номер (ISBN) | 9785931903422 |
| Тираж | 100 |
| 021 ## - НОМЕР ГОСУДАРСТВЕННОЙ РЕГИСТРАЦИИ | |
| Код страны | российская федерация |
| Номер | 2017-95436 |
| Номер Листа государственной регистраци | 6855 |
| 035 ## - ДРУГИЕ СИСТЕМНЫЕ НОМЕРА | |
| Идентификатор записи | (RuMoRGB)009485004 |
| 035 ## - ДРУГИЕ СИСТЕМНЫЕ НОМЕРА | |
| Идентификатор записи | (NLR Aleph) 011590214 |
| 100 ## - ДАННЫЕ ОБЩЕЙ ОБРАБОТКИ | |
| Данные общей обработки | 20180111d2016 u y0rusy50 ca |
| 101 0# - ЯЗЫК РЕСУРСА | |
| Язык текста, звукозаписи и т.д. | русский |
| 102 ## - СТРАНА ПУБЛИКАЦИИ ИЛИ ПРОИЗВОДСТВА | |
| Страна публикации | российская федерация |
| 105 ## - ПОЛЕ КОДИРОВАННЫХ ДАННЫХ: ТЕКСТОВЫЕ МАТЕРИАЛЫ, МОНОГРАФИЧЕСКИЕ | |
| Кодированные данные о монографическом текстовом документе | a|||j|||000zy |
| 200 1# - ЗАГЛАВИЕ И СВЕДЕНИЯ ОБ ОТВЕТСТВЕННОСТИ | |
| Основное заглавие | Внеурочная деятельность по предмету "Физическая культура" в условиях реализации ФГОС |
| Сведения, относящиеся к заглавию | учебно-методическое пособие |
| -- | для студентов высших учебных заведений, обучающихся по направлению подготовки 44.03.01 - "Педагогическое образование" (Профиль: "Физкультурное образование") |
| Первые сведения об ответственности | Н.И. Синявский, Г.М. Акушев, А.В. Фурсов, Р.И. Садыков |
| Последующие сведения об ответственности | Департамент образования и молодёжной политики Ханты-Мансийского автономного округа - Югры, Бюджетное учреждение высшего образования Ханты-Мансийского автономного округа - Югры "Сургутский государственный педагогический университет" |
| 210 ## - ПУБЛИКАЦИЯ, РАСПРОСТРАНЕНИЕ И ДР. | |
| Место издания, распространения и т.д. | Сургут |
| Имя издателя, распространителя и т. д. | Редакционно-издательский отдел Сургутского государственного педагогического университета |
| Дата издания, распространения и т.д. | 2016 |
| 215 ## - ФИЗИЧЕСКАЯ ХАРАКТЕРИСТИКА | |
| Специфическое обозначение материала и объем | 123 с. |
| Другие сведения о физической характеристике | ил., табл., цв. ил. |
| Размеры | 20 |
| 320 ## - ПРИМЕЧАНИЯ О НАЛИЧИИ В ДОКУМЕНТЕ БИБЛИОГРАФИИ / УКАЗАТЕЛЯ | |
| Текст примечания | Библиогр.: с. 121-123 |
| 606 ## - НАИМЕНОВАНИЕ ТЕМЫ КАК ПРЕДМЕТ | |
| Наименование темы | Физическая культура и спорт |
| Формальный подзаголовок | Учебно-методические пособия |
| Тематический подзаголовок | Массовая работа |
| -- | Средняя школа |
| Системный номер авторитетной/нормативной записи | 2378222 |
| Идентификатор авторитетной/нормативной записи | RU\NLR\AUTH\6601640271 |
| 686 ## - ИНДЕКСЫ ДРУГИХ КЛАССИФИКАЦИЙ | |
| Индекс | Ч421,6(2)385.5,0 |
| Код системы | |
| 686 1# - ИНДЕКСЫ ДРУГИХ КЛАССИФИКАЦИЙ | |
| Индекс | Ч421.385.5я7 |
| 701 #1 - ИМЯ ЛИЦА - АЛЬТЕРНАТИВНАЯ ОТВЕТСТВЕННОСТЬ | |
| Начальный элемент ввода | Синявский |
| Часть имени, кроме начального элемента ввода | Н. И. |
| Расширение инициалов личного имени | Николай Иванович |
| 701 #1 - ИМЯ ЛИЦА - АЛЬТЕРНАТИВНАЯ ОТВЕТСТВЕННОСТЬ | |
| Начальный элемент ввода | Акушев |
| Часть имени, кроме начального элемента ввода | Г. М. |
| Расширение инициалов личного имени | Геннадий Михайлович |
| 701 #1 - ИМЯ ЛИЦА - АЛЬТЕРНАТИВНАЯ ОТВЕТСТВЕННОСТЬ | |
| Начальный элемент ввода | Фурсов |
| Часть имени, кроме начального элемента ввода | А. В. |
| Расширение инициалов личного имени | Алексей Валерьевич |
| 701 #1 - ИМЯ ЛИЦА - АЛЬТЕРНАТИВНАЯ ОТВЕТСТВЕННОСТЬ | |
| Начальный элемент ввода | Садыков |
| Часть имени, кроме начального элемента ввода | Р. И. |
| Расширение инициалов личного имени | Руслан Ильтизарович |
| 942 ## - ДОПОЛНИТЕЛЬНЫЕ ЭЛЕМЕНТЫ ЗАПИСИ (АБИС) | |
| Тип экземпляра АБИС | Книга |
| 980 ## - КОЛЛЕКЦИЯ | |
| Название коллекции | НБР |
Нет доступных экземпляров.